Guess the MLB Team Based on a Fun Fact - Statistics

General Stats
  • This quiz has been taken 32 times
  • The average score is 25 of 30
Answer Stats
Hint Answer % Correct
This team is losing the Ohio Cup series 73-58 Cincinnati Reds
100%
This team famously puts up a big white flag after a win and a big blue flag after a loss Chicago Cubs
92%
This team's stadium has an opening directly into the ocean, named after a legendary first baseman San Francisco Giants
92%
This team used to host "Buzz Cut Nights", inspired by their player Jay Buhner, where fans could have their heads shaved Seattle Mariners
92%
This team once caused a lockdown of the Pentagon because they shot off too many fireworks Washington Nationals
92%
This team's rivalry with the San Francisco Giants started when both teams were in a different state; they have both since moved, but are still in the same state Los Angeles Dodgers
88%
This team has a section in its stadium called "Sandy's Beach" where people dress up in beach attire to support their best pitcher Miami Marlins
88%
Prospects for this team often play for the Scranton-Wilkesbarre RailRiders New York Yankees
88%
In 2023, this team had to kick out many of its fans during a "reverse protest" for throwing hot dogs onto the field Oakland Athletics
88%
Uniquely, this team shares the same color scheme as all of the other Big 4 sports teams in its city Pittsburgh Pirates
88%
This team has a fully operational hotel built into its outfield Toronto Blue Jays
88%
Neil Diamond's "Sweet Caroline" is this team's unofficial theme song Boston Red Sox
84%
This team tried to wear shorts as a game uniform until one of their players destroyed them all Chicago White Sox
84%
A fictionalized version of this team is featured in the movie "Major League" Cleveland Guardians
84%
This team became known as "Rocktober" for their improbable World Series run (they would end up losing the Series) Colorado Rockies
84%
This team was accused of banging on trash cans to gain an unfair advantage Houston Astros
84%
This team is famous for a monkey that dances to the song "Jump Around" Los Angeles Angels
84%
Giannis Antetokounmpo is a minority owner of this team Milwaukee Brewers
84%
This team frequently hits home runs into the "7 Line Army", located next to the giant apple in the outfield New York Mets
84%
Fans of this team have a fascination for replacing the letter "f" with the letters "ph" Philadelphia Phillies
84%
This team's mascot is a creepy looking Franciscan monk San Diego Padres
84%
This team's new stadium is nicknamed "The Lunchbox" because Globe Life Field really does look like a lunchbox Texas Rangers
84%
Despite being one of the newest teams in the MLB, it is the only Big 4 sports team in its city to have won a championship Arizona Diamondbacks
80%
This team's first World Series victory was dubbed the "I-70 Series" Kansas City Royals
80%
During this team's most recent World Series run, "Buschie the Rally Squirrel" played a crucial role St. Louis Cardinals
80%
This team came under fire during the 2021 Playoffs because Donald Trump performed the team's signature hand motion Atlanta Braves
76%
This team is known for yelling "Oh" during the Star-Spangled Banner Baltimore Orioles
76%
This team was very briefly sponsored by Frosted Flakes Detroit Tigers
72%
One of this team's legendary players, Bert Blyleven, was famous for lighting his teammates' cleats on fire Minnesota Twins
72%
For some reason, this team is known for its fans ringing cowbells constantly during games Tampa Bay Rays
72%
No matching quizzes found
Score Distribution
Percent of People with Each Score
Percentile by Number Answered
Your Score History
You have not taken this quiz